Relation abrégée d'un voyage fait dans l'interieur de l'Amérique Méridionale

Збережено в:
Бібліографічні деталі
Автор: La Condamine, Charles Marie de (Автор)
Формат: Книга
Мова:Французька
Опубліковано: París Chez Jean-Edme Dufour & Philippe Roux 1778
Редагування:2a. ed
Предмети:
Теги: Додати тег
Немає тегів, Будьте першим, хто поставить тег для цього запису!

MARC

LEADER 00000nam a2200000 a 4500
001 UCJ7319
003 CL-VaPUC
008 070124e17780000FR |||||||||||||||||fre|d
082 0 4 |a 910.4  |b LAC  |2 21 
100 |a La Condamine, Charles Marie de  |e author  |9 431749 
245 1 0 |a Relation abrégée d'un voyage fait dans l'interieur de l'Amérique Méridionale 
250 |a 2a. ed 
300 |a xvi, 379 p 
942 |c BK 
945 |d 20070124 00:00:00  |a rinostro 
260 |a París  |b Chez Jean-Edme Dufour & Philippe Roux  |c 1778 
500 |a 8§, Pasta.- Apostillado.- Front.: Vista de una plaza de toros en Lima, grabado.- Port.- v. en b.- XVI, mapa de la hoya del río Marañón, p. 379 
650 0 |a Expediciones científicas  |9 265222 
650 0 |a Viajes  |9 257115 
650 7 |a LIBRO RARO  |2 CL-VaPUC  |9 504169 
650 7 |a DESCRIPCION BIBLIOFILICA  |2 CL-VaPUC  |9 504580 
650 0 |a Ilustraciones  |9 369481 
650 0 |a Mapas  |9 260844 
651 0 |a América Latina   |9 255027 
583 |a last modification  |c 20070124 00:00:00  |k Rodrigo Vera 
999 |c 323414  |d 323412 
952 |0 0  |1 0  |4 0  |6 910_400000000000000_LAC_1778  |7 0  |8 X  |9 402987  |a FDOBUD  |b FDOBUD  |d 2019-11-22  |i 1061550  |o 910.4 LAC 1778  |p 1061550  |r 2019-11-22  |w 2019-11-22  |y BK_X  |k BUD